000
00207 a2200085 4500
020
_a
9780691167534
100
_a
NEIL LEVINE
245
_a
THE URBANISM OF FRANK LLOYD WRIGHT
260
_b
PRINCETON UNIVERSITY PRESS
999
_c
13143
_d
13143